AN ASSESSMENT ON THE EFFECTS OF WORK LIFE BALANCE ON EMPLOYEES PERFOMANCE: A CASE OF UASIN GISHU COUNTY HOSPITAL (Record no. 216158)

MARC details
000 -LEADER
fixed length control field 00594nam a22001697a 4500
008 - FIXED-LENGTH DATA ELEMENTS--GENERAL INFORMATION
fixed length control field 251110b |||||||| |||| 00| 0 eng d
050 ## - LIBRARY OF CONGRESS CALL NUMBER
Classification number HD6951.K56 2016
Item number C.1
100 ## - MAIN ENTRY--PERSONAL NAME
Personal name KIMUTAI JEPKORIR ZEDDY
245 ## - TITLE STATEMENT
Title AN ASSESSMENT ON THE EFFECTS OF WORK LIFE BALANCE ON EMPLOYEES PERFOMANCE: A CASE OF UASIN GISHU COUNTY HOSPITAL
260 ## - PUBLICATION, DISTRIBUTION, ETC.
Place of publication, distribution, etc. KISII
Name of publisher, distributor, etc. KISII UNIVERISTY
Date of publication, distribution, etc. 2019
300 ## - PHYSICAL DESCRIPTION
Extent 11-33P.
500 ## - GENERAL NOTE
General note IT HAS BIBLIOGRAPHIC INFORMATION
650 ## - SUBJECT ADDED ENTRY
Topical term or geographic name entry element ORGANIZATIONAL PERFOMANCE-KENYA POLICE SACCO-KENYA
700 ## - ADDED ENTRY--PERSONAL NAME
Personal name KIMUTAI JEPKORIR ZEDDY
942 ## - ADDED ENTRY ELEMENTS (KOHA)
Source of classification or shelving scheme Library of Congress Classification
Koha item type Long Loan Book

No items available.